000 00333nam a2200145Ia 4500
008 220928s9999 xx 000 0 und d
082 _bSON
100 _aSONI, USHA KIRAN
245 0 _aBHOR KA UJAAS
260 _bMADHYAMIK SHIKSHA VIBHAG, BIKANER
_c2013
300 _a96
650 _aGeneral
942 _cBK
999 _c207963
_d207963
041 _aHINDI